Obozretné podnikanie dôchodkových fondov v rámci EÚ

Najdôležitejšie prvky a princípy smernice 2003/41/ES Európskeho parlamentu o činnosti a dohľade nad inštitúciami zamestnaneckého dôchodkového zabezpečenia. Pravidlá obozretného kapitálového investovania. Obozretné podnikanie dôchodkových fondov na Slovensku.

Salvato in:
Dettagli Bibliografici
Autore principale: Chovancová, Božena
Natura: Capitolo di libro
Lingua:slovacco
Soggetti:
Tags: Aggiungi Tag
Nessun Tag, puoi essere il primo ad aggiungerne!!

MARC

LEADER 00000naa$a2200000$$$4500
001 0058919
005 20240612072921.8
041 0 |a slo 
044 |a SK 
245 1 0 |a Obozretné podnikanie dôchodkových fondov v rámci EÚ  |c Božena Chovancová 
520 |a Najdôležitejšie prvky a princípy smernice 2003/41/ES Európskeho parlamentu o činnosti a dohľade nad inštitúciami zamestnaneckého dôchodkového zabezpečenia. Pravidlá obozretného kapitálového investovania. Obozretné podnikanie dôchodkových fondov na Slovensku. 
610 2 0 |a investovanie obozretné 
610 2 0 |a fondy penzijné 
610 2 0 |a trh kapitálový 
610 2 0 |a investovanie kolektívne 
610 2 0 |a smernice 
610 2 0 |a podnikanie obozretné 
610 2 0 |a Európsky parlament 
100 1 |a Chovancová, Božena